| 000 | 00493nam a2200193 4500 | ||
|---|---|---|---|
| 001 | 19276 | ||
| 005 | 20230410130641.0 | ||
| 008 | 060907n2003 dr spa | ||
| 020 | _a8483102358 | ||
| 035 | _9funglode19426 | ||
| 041 | _aES | ||
| 050 | 1 | 4 | _aPN 1997.2 L759 2002 |
| 100 | _aLins, Paulo | ||
| 245 | 1 |
_aCiudad de Dios / _cPaulo Lins |
|
| 260 |
_aBarcelona : _bTus Quets editores, _c2003 |
||
| 300 | _a398 p. | ||
| 500 | _aTraducción de Mario Merlino | ||
| 942 |
_2lcc _cbk |
||
| 999 |
_c77852 _d77852 |
||